000 00833nam a2200253 a 4500
001 vtls003232892
003 MY-SjTCS
005 20200226115249.0
008 120611s2012 enkao 000 0 eng d
020 _a9781856698214 (pbk.)
020 _a1856698211 (pbk.)
039 9 _a201209041457
_bwilmina
_y201206111423
_zmalathy
082 0 4 _a659.113
_bWIL 2012
100 1 _aWilliams, Eliza.
245 1 0 _aHow 30 great ads were made :
_bfrom idea to campaign /
_cEliza Williams.
246 1 _aHow thirty great ads were made
260 _aLondon :
_bLaurence King,
_c2012.
300 _a224 p. :
_bill. (some col.) ;
_c28 cm.
650 0 _aAdvertising
650 0 _aAdvertising
_xHistory
_y21st century.
650 0 _aAdvertising
_vCase studies.
_928703
650 0 _aAdvertising campaigns
_vCase studies.
920 _aSOD : 184421
999 _c145849